zpět

Detail výsledku týmu

Pivovarský Dvůr ST, Liberec

Datum a čas kvízu

25.5 Celkem bodů Celkový počet nahraných bodů na tomto kvízu bez doplňovacích otázek.
13. Pořadí na kvízu Konečné umístění týmu na tomto kvízu.

Zaznamenané odpovědi

# Otázka Odpověď Body Výsledky
1. Jak se jmenuje bývalý karlovar... Petr Kulhánek 0
2. Totální chaos, přerušenou dopr... D) balónek, který uletěl z Oktoberfestu 1
3. Která hudební legenda vystoupi... Bob Dylan 0
4. V pondělí ukončila svůj provoz... Spojené království / Velká Británie 0
5. Který 39letý britský sportovec... Mark Cavendish 0
6. Který stát zcela obklopuje zem... Jihoafrická republika (JAR, Jižní Afrika) 0
7. Berlínská zeď oddělovala výcho... 1961 (1960 a 1962 za půl bodu) 0
8. V Pásmu Gazy, jež je v podstat... A 0
9. V roce 2015 během jediného dne... Indie a Bangladéš 0.5
10. Republika San Marino je druhý... Rimini 0